[Event "EYCC 2024 - O16"]
[Site "?"]
[Date "2024.08.24"]
[Round "3.1"]
[White "Kvaloy, Aksel Bu"]
[Black "Ljepic, Andrej"]
[Result "1/2-1/2"]
[BlackElo "2275"]
[WhiteElo "2487"]
[LiveChessVersion "1.4.8"]

1. e4 {[%clk 1:30:57]} e6 {[%clk 1:30:53]} 2. d4 {[%clk 1:31:19]} d5
{[%clk 1:31:18]} 3. Nc3 {[%clk 1:31:43]} Bb4 {[%clk 1:31:41]} 4. a3
{[%clk 1:30:03]} Bxc3+ {[%clk 1:31:31]} 5. bxc3 {[%clk 1:30:31]} dxe4
{[%clk 1:30:44]} 6. Qg4 {[%clk 1:30:49]} Nf6 {[%clk 1:28:28]} 7. Qxg7
{[%clk 1:30:38]} Rg8 {[%clk 1:28:51]} 8. Qh6 {[%clk 1:31:05]} c5 {[%clk 1:24:20]}
9. Bb2 {[%clk 1:25:28]} Nbd7 {[%clk 1:17:53]} 10. O-O-O {[%clk 1:24:12]} Qa5
{[%clk 1:11:33]} 11. Ne2 {[%clk 1:15:45]} b6 {[%clk 1:04:15]} 12. Qf4
{[%clk 0:59:48]} Bb7 {[%clk 0:53:12]} 13. Qc7 {[%clk 0:45:08]} Ba6
{[%clk 0:49:18]} 14. Nf4 {[%clk 0:41:22]} Rc8 {[%clk 0:43:24]} 15. Qd6
{[%clk 0:36:35]} Bxf1 {[%clk 0:29:01]} 16. Rhxf1 {[%clk 0:35:32]} cxd4
{[%clk 0:28:07]} 17. cxd4 {[%clk 0:30:40]} Qa4 {[%clk 0:27:08]} 18. Rd2
{[%clk 0:29:52]} Rc6 {[%clk 0:25:59]} 19. Qb4 {[%clk 0:29:26]} Qxb4 20. axb4
{[%clk 0:29:55]} Rc4 {[%clk 0:25:14]} 21. f3 {[%clk 0:23:57]} Rxb4
{[%clk 0:20:59]} 22. fxe4 {[%clk 0:22:27]} Nxe4 {[%clk 0:19:58]} 23. Re2
{[%clk 0:22:44]} Nef6 {[%clk 0:15:05]} 24. d5 {[%clk 0:21:45]} Re4
{[%clk 0:13:51]} 25. dxe6 {[%clk 0:21:06]} fxe6 {[%clk 0:14:07]} 26. Rxe4
{[%clk 0:17:20]} Nxe4 {[%clk 0:14:33]} 27. Re1 {[%clk 0:16:42]} Ndc5
{[%clk 0:14:46]} 28. Nxe6 {[%clk 0:16:56]} Kd7 {[%clk 0:14:53]} 29. Nxc5+
{[%clk 0:15:01]} Nxc5 {[%clk 0:15:18]} 30. g3 {[%clk 0:14:55]} Rf8
{[%clk 0:15:08]} 31. Bd4 {[%clk 0:14:51]} a5 {[%clk 0:13:08]} 32. Kb2
{[%clk 0:13:41]} Kd6 {[%clk 0:11:07]} 33. Be5+ {[%clk 0:13:02]} Kd5
{[%clk 0:10:15]} 34. Bf4 {[%clk 0:13:14]} Rf7 {[%clk 0:09:36]} 35. Re5+
{[%clk 0:10:58]} Kc4 {[%clk 0:09:52]} 36. Rh5 {[%clk 0:10:10]} Na4+
{[%clk 0:07:45]} 37. Ka3 {[%clk 0:08:04]} b5 {[%clk 0:06:56]} 38. Bd2
{[%clk 0:06:26]} Rf3+ {[%clk 0:04:56]} 39. Ka2 {[%clk 0:06:37]} b4
{[%clk 0:04:19]} 40. Rh4+ {[%clk 0:06:29]} Kb5 {[%clk 0:04:27]} 41. Rxh7
{[%clk 0:05:01]} Rf2 {[%clk 0:04:44]} 42. Rh5+ {[%clk 0:05:10]} Kc4
{[%clk 0:04:37]} 43. Rh4+ {[%clk 0:05:22]} Kb5 {[%clk 0:04:59]} 44. Rh5+
{[%clk 0:05:23]} Kc4 {[%clk 0:05:24]} 45. Rh4+ {[%clk 0:04:39]} Kb5
{[%clk 0:05:49]} 46. Rh5+ {[%clk 0:03:36]} 1/2-1/2

[Event "EYCC 2024 - O16"]
[Site "?"]
[Date "2024.08.24"]
[Round "3.2"]
[White "Dyachuk, Artem"]
[Black "Materia, Marco"]
[Result "1/2-1/2"]
[BlackElo "2457"]
[WhiteElo "2263"]
[LiveChessVersion "1.4.8"]

1. Nf3 {[%clk 1:30:59]} d5 {[%clk 1:30:55]} 2. g3 {[%clk 1:31:22]} Nf6
{[%clk 1:31:19]} 3. Bg2 {[%clk 1:31:48]} e6 {[%clk 1:31:39]} 4. O-O
{[%clk 1:32:14]} Be7 {[%clk 1:32:05]} 5. c4 {[%clk 1:32:40]} O-O {[%clk 1:32:31]}
6. b3 {[%clk 1:33:08]} b6 {[%clk 1:32:42]} 7. Bb2 {[%clk 1:33:19]} Bb7
{[%clk 1:32:31]} 8. e3 {[%clk 1:33:28]} Nbd7 {[%clk 1:30:48]} 9. Qe2
{[%clk 1:33:41]} c5 {[%clk 1:16:46]} 10. Nc3 {[%clk 1:32:24]} Ne4
{[%clk 1:12:48]} 11. cxd5 {[%clk 1:25:19]} exd5 {[%clk 1:11:13]} 12. d4
{[%clk 1:25:17]} Bf6 {[%clk 1:02:23]} 13. Rfd1 {[%clk 1:24:42]} Qe7
{[%clk 0:58:15]} 14. Rac1 {[%clk 1:23:38]} Rfe8 {[%clk 0:48:22]} 15. dxc5
{[%clk 1:14:28]} Bxc3 {[%clk 0:39:07]} 16. c6 {[%clk 1:13:45]} Ba6
{[%clk 0:34:41]} 17. Qxa6 {[%clk 1:09:59]} Bxb2 {[%clk 0:34:29]} 18. cxd7
{[%clk 1:10:18]} Qxd7 {[%clk 0:34:39]} 19. Rc2 {[%clk 1:09:07]} Bf6
{[%clk 0:34:11]} 20. Qd3 {[%clk 1:06:49]} Rac8 {[%clk 0:31:24]} 21. Rdc1
{[%clk 1:02:02]} g6 {[%clk 0:27:36]} 22. Nd4 {[%clk 0:58:56]} Rxc2
{[%clk 0:25:29]} 23. Rxc2 {[%clk 0:57:53]} Nc5 {[%clk 0:25:05]} 24. Qd1
{[%clk 0:55:49]} h5 {[%clk 0:21:52]} 25. Ne2 {[%clk 0:53:21]} Qf5
{[%clk 0:22:05]} 26. Nf4 {[%clk 0:43:39]} d4 {[%clk 0:21:17]} 27. exd4
{[%clk 0:42:41]} Bxd4 {[%clk 0:14:54]} 28. b4 {[%clk 0:39:05]} Na4
{[%clk 0:12:55]} 29. Bc6 {[%clk 0:37:31]} Re1+ {[%clk 0:07:12]} 30. Qxe1
{[%clk 0:37:56]} Qxc2 {[%clk 0:07:39]} 31. Bd5 {[%clk 0:37:37]} Nc3
{[%clk 0:04:23]} 32. Bxf7+ {[%clk 0:32:45]} Kxf7 {[%clk 0:02:33]} 33. Qe6+
{[%clk 0:33:09]} Kg7 {[%clk 0:02:48]} 34. Qd7+ {[%clk 0:33:32]} Kg8
{[%clk 0:01:27]} 35. Qxd4 {[%clk 0:33:34]} Ne2+ {[%clk 0:01:46]} 36. Nxe2
{[%clk 0:33:59]} Qxe2 {[%clk 0:02:14]} 37. a3 {[%clk 0:31:49]} Qe7
{[%clk 0:01:55]} 38. Qd5+ {[%clk 0:32:07]} Kg7 {[%clk 0:02:01]} 39. Kg2
{[%clk 0:32:21]} Kh7 {[%clk 0:01:45]} 40. h3 {[%clk 0:31:39]} Kg7
{[%clk 0:02:04]} 41. g4 {[%clk 0:30:33]} hxg4 {[%clk 0:02:33]} 42. hxg4
{[%clk 0:30:55]} Kh7 {[%clk 0:01:22]} 43. g5 {[%clk 0:29:43]} Kg7
{[%clk 0:01:44]} 44. Kg3 {[%clk 0:28:53]} Qc7+ {[%clk 0:02:11]} 45. f4
{[%clk 0:27:29]} Qc3+ {[%clk 0:01:47]} 46. Kg4 {[%clk 0:27:23]} Qc8+
{[%clk 0:01:59]} 47. Kh4 {[%clk 0:27:40]} Qh8+ {[%clk 0:01:08]} 48. Kg3
{[%clk 0:27:57]} Qc8 {[%clk 0:01:35]} 49. Qe5+ {[%clk 0:25:47]} Kg8
{[%clk 0:02:05]} 50. Kh4 {[%clk 0:23:23]} Qd7 {[%clk 0:02:13]} 51. b5
{[%clk 0:17:30]} Kh7 {[%clk 0:02:26]} 52. a4 {[%clk 0:16:51]} Qb7
{[%clk 0:02:40]} 53. Kg3 {[%clk 0:16:58]} Qd7 {[%clk 0:03:03]} 54. Qe4
{[%clk 0:16:17]} Kg7 {[%clk 0:03:04]} 55. Qc6 {[%clk 0:14:55]} Qd3+
{[%clk 0:02:50]} 56. Kh4 {[%clk 0:14:32]} Qd4 {[%clk 0:03:11]} 57. Kg3
{[%clk 0:12:43]} Qe3+ {[%clk 0:01:49]} 58. Qf3 {[%clk 0:12:25]} Qe1+
{[%clk 0:02:08]} 59. Kh3 {[%clk 0:12:15]} Qe6+ {[%clk 0:02:28]} 60. Kg2
{[%clk 0:11:39]} Qe7 {[%clk 0:02:11]} 61. Qc3+ {[%clk 0:11:21]} Kh7
{[%clk 0:02:22]} 62. Kf3 {[%clk 0:10:14]} Qd7 {[%clk 0:02:40]} 63. Qc4
{[%clk 0:08:11]} Qe7 {[%clk 0:02:42]} 64. Qd5 {[%clk 0:07:30]} Qa3+
{[%clk 0:01:16]} 65. Kg4 {[%clk 0:06:46]} Qe7 {[%clk 0:01:41]} 66. Qd3
{[%clk 0:05:48]} Kg7 {[%clk 0:01:51]} 67. Qc3+ {[%clk 0:03:18]} Kh7
{[%clk 0:02:11]} 68. Kf3 {[%clk 0:03:09]} Qd7 {[%clk 0:02:37]} 69. Qc4
{[%clk 0:02:58]} Qe7 {[%clk 0:02:41]} 70. Qd5 {[%clk 0:01:37]} Qa3+
{[%clk 0:03:03]} 71. Ke4 {[%clk 0:01:33]} Qe7+ {[%clk 0:03:27]} 72. Kd3
{[%clk 0:01:23]} Qa3+ {[%clk 0:03:42]} 73. Kd4 {[%clk 0:01:26]} Qa1+
{[%clk 0:03:42]} 74. Kd3 {[%clk 0:01:01]} Qd1+ {[%clk 0:04:02]} 75. Ke4
{[%clk 0:01:09]} Qe1+ {[%clk 0:04:31]} 76. Kd4 {[%clk 0:01:24]} Qa1+
{[%clk 0:04:55]} 77. Kd3 {[%clk 0:01:30]} Qd1+ {[%clk 0:05:22]} 78. Kc4
{[%clk 0:00:55]} Qc1+ {[%clk 0:05:30]} 79. Kb4 {[%clk 0:00:51]} Qxf4+
{[%clk 0:05:42]} 80. Kb3 {[%clk 0:00:54]} Qe3+ {[%clk 0:06:03]} 81. Kc4
{[%clk 0:01:00]} Qc1+ {[%clk 0:06:11]} 1/2-1/2

[Event "EYCC 2024 - O16"]
[Site "?"]
[Date "2024.08.24"]
[Round "3.3"]
[White "Durak, Can"]
[Black "Krawczyk, Flawian"]
[Result "1-0"]
[BlackElo "2263"]
[WhiteElo "2442"]
[LiveChessVersion "1.4.8"]

1. e4 {[%clk 1:29:36]} c6 {[%clk 1:30:57]} 2. Nf3 {[%clk 1:27:32]} d5
{[%clk 1:30:16]} 3. Nc3 {[%clk 1:27:01]} dxe4 {[%clk 1:30:11]} 4. Nxe4
{[%clk 1:26:22]} Nf6 {[%clk 1:30:06]} 5. Qe2 {[%clk 1:24:29]} Na6
{[%clk 1:30:26]} 6. d4 {[%clk 1:24:09]} Nxe4 {[%clk 1:29:02]} 7. Qxe4
{[%clk 1:23:25]} Qd5 {[%clk 1:28:55]} 8. Qxd5 {[%clk 1:19:12]} cxd5
{[%clk 1:27:52]} 9. c3 {[%clk 1:18:34]} f6 {[%clk 1:27:01]} 10. Bd3
{[%clk 1:16:46]} e6 {[%clk 1:15:47]} 11. Bf4 {[%clk 1:14:18]} Nb8
{[%clk 1:08:52]} 12. O-O-O {[%clk 1:08:11]} Nc6 {[%clk 0:54:27]} 13. Bg3
{[%clk 1:04:11]} a6 {[%clk 0:52:50]} 14. Rhe1 {[%clk 1:03:41]} b5
{[%clk 0:48:44]} 15. b4 {[%clk 1:01:59]} Kf7 {[%clk 0:45:04]} 16. Nd2
{[%clk 1:01:32]} h5 {[%clk 0:27:53]} 17. h3 {[%clk 1:00:22]} h4 {[%clk 0:25:19]}
18. Bh2 {[%clk 1:00:42]} Rh5 {[%clk 0:23:28]} 19. Kb2 {[%clk 0:57:11]} e5
{[%clk 0:21:01]} 20. dxe5 {[%clk 0:38:32]} fxe5 {[%clk 0:18:31]} 21. f4
{[%clk 0:34:04]} d4 {[%clk 0:14:15]} 22. cxd4 {[%clk 0:31:04]} exd4
{[%clk 0:07:07]} 23. Be4 {[%clk 0:30:06]} Bd7 {[%clk 0:07:07]} 24. a3
{[%clk 0:25:47]} a5 {[%clk 0:07:14]} 25. f5 {[%clk 0:24:47]} Rxf5
{[%clk 0:04:07]} 26. Bxf5 {[%clk 0:24:43]} Bxf5 {[%clk 0:04:35]} 27. Rf1
{[%clk 0:25:12]} g6 {[%clk 0:04:48]} 28. Rc1 {[%clk 0:25:10]} Ra6
{[%clk 0:03:41]} 29. Nf3 {[%clk 0:15:08]} Bg7 {[%clk 0:03:10]} 30. Nxh4
{[%clk 0:06:49]} d3+ {[%clk 0:03:39]} 31. Kb1 {[%clk 0:07:18]} d2+
{[%clk 0:03:42]} 32. Rc2 {[%clk 0:07:48]} d1=Q+ {[%clk 0:02:53]} 33. Rxd1
{[%clk 0:08:17]} Bxc2+ {[%clk 0:03:16]} 34. Kxc2 {[%clk 0:08:46]} axb4
{[%clk 0:03:39]} 35. axb4 {[%clk 0:08:37]} Nxb4+ {[%clk 0:03:17]} 36. Kb3
{[%clk 0:08:59]} Nc6 {[%clk 0:03:41]} 37. Rd7+ {[%clk 0:07:54]} Kg8
{[%clk 0:04:06]} 38. Bd6 {[%clk 0:05:53]} b4 {[%clk 0:02:32]} 39. Nxg6
{[%clk 0:03:19]} Ra3+ {[%clk 0:02:59]} 40. Kc4 {[%clk 0:03:48]} Rc3+
{[%clk 0:03:28]} 41. Kd5 {[%clk 0:04:17]} b3 {[%clk 0:02:07]} 42. Rb7
{[%clk 0:04:43]} b2 {[%clk 0:00:52]} 43. Ne5 {[%clk 0:02:12]} Nxe5
{[%clk 0:01:12]} 44. Bxe5 {[%clk 0:02:36]} Bxe5 {[%clk 0:01:39]} 45. Kxe5
{[%clk 0:02:54]} Rc2 {[%clk 0:02:08]} 46. g3 {[%clk 0:01:58]} Rc3
{[%clk 0:01:52]} 47. Kf4 {[%clk 0:02:13]} Rc4+ {[%clk 0:01:49]} 48. Kg5
{[%clk 0:02:41]} Rc5+ {[%clk 0:02:13]} 49. Kh4 {[%clk 0:03:06]} Rc2
{[%clk 0:02:40]} 50. g4 {[%clk 0:03:27]} Kf8 {[%clk 0:02:19]} 51. Kh5
{[%clk 0:03:16]} Kg8 {[%clk 0:01:43]} 52. h4 {[%clk 0:03:31]} Kh8
{[%clk 0:02:02]} 53. g5 {[%clk 0:03:53]} Kg8 {[%clk 0:01:24]} 54. Kh6
{[%clk 0:03:57]} 1-0

[Event "EYCC 2024 - O16"]
[Site "?"]
[Date "2024.08.24"]
[Round "3.4"]
[White "Magold, Filip"]
[Black "Zielonka, Adam"]
[Result "1-0"]
[BlackElo "2253"]
[WhiteElo "2425"]
[LiveChessVersion "1.4.8"]

1. c4 {[%clk 1:30:37]} c5 {[%clk 1:30:30]} 2. g3 {[%clk 1:30:15]} Nc6
{[%clk 1:30:18]} 3. Bg2 {[%clk 1:30:38]} g6 {[%clk 1:30:24]} 4. Nc3
{[%clk 1:30:29]} Bg7 {[%clk 1:30:41]} 5. d3 {[%clk 1:30:38]} e6 {[%clk 1:30:19]}
6. e4 {[%clk 1:28:52]} Nge7 {[%clk 1:30:01]} 7. Nge2 {[%clk 1:29:12]} a6
{[%clk 1:27:47]} 8. Be3 {[%clk 1:27:17]} Nd4 {[%clk 1:27:24]} 9. O-O
{[%clk 1:27:15]} O-O {[%clk 1:26:36]} 10. Rb1 {[%clk 1:26:10]} Nec6
{[%clk 1:21:55]} 11. a3 {[%clk 1:25:43]} Rb8 {[%clk 1:19:16]} 12. b4
{[%clk 1:22:23]} cxb4 {[%clk 1:18:15]} 13. axb4 {[%clk 1:21:07]} b5
{[%clk 1:17:55]} 14. cxb5 {[%clk 1:20:50]} axb5 {[%clk 1:17:30]} 15. Qd2
{[%clk 1:16:25]} Re8 {[%clk 1:14:54]} 16. Rfc1 {[%clk 1:08:04]} d6
{[%clk 1:11:27]} 17. h4 {[%clk 0:59:27]} h5 {[%clk 1:09:56]} 18. Nxd4
{[%clk 0:55:49]} Nxd4 {[%clk 1:09:14]} 19. Ne2 {[%clk 0:55:50]} Nxe2+
{[%clk 1:09:00]} 20. Qxe2 {[%clk 0:56:17]} Bb7 {[%clk 1:00:37]} 21. Rc2
{[%clk 0:56:27]} Qd7 {[%clk 0:59:21]} 22. Rbc1 {[%clk 0:48:49]} Rec8
{[%clk 0:57:13]} 23. d4 {[%clk 0:47:08]} Rxc2 {[%clk 0:45:04]} 24. Rxc2
{[%clk 0:46:51]} Ra8 {[%clk 0:42:12]} 25. Qd3 {[%clk 0:41:07]} d5
{[%clk 0:30:40]} 26. e5 {[%clk 0:40:47]} Bf8 {[%clk 0:29:40]} 27. Bd2
{[%clk 0:41:03]} Rc8 {[%clk 0:27:17]} 28. Rxc8 {[%clk 0:40:08]} Bxc8
{[%clk 0:27:05]} 29. Bf1 {[%clk 0:40:34]} Ba6 {[%clk 0:27:21]} 30. Qa3
{[%clk 0:38:14]} Bb7 {[%clk 0:26:09]} 31. Bd3 {[%clk 0:35:46]} Bc6
{[%clk 0:25:46]} 32. Qa5 {[%clk 0:33:44]} Qe8 {[%clk 0:24:50]} 33. Kf1
{[%clk 0:33:25]} Qd7 {[%clk 0:24:21]} 34. Ke2 {[%clk 0:32:13]} Be7
{[%clk 0:23:57]} 35. Kd1 {[%clk 0:30:58]} Qe8 {[%clk 0:23:25]} 36. Kc2
{[%clk 0:30:48]} Qd7 {[%clk 0:23:21]} 37. Kb3 {[%clk 0:31:08]} Qe8
{[%clk 0:22:57]} 38. Qa6 {[%clk 0:29:11]} Qd7 {[%clk 0:23:07]} 39. f3
{[%clk 0:28:23]} Qe8 {[%clk 0:16:04]} 40. Kc2 {[%clk 0:22:05]} Kg7
{[%clk 0:13:09]} 41. Kd1 {[%clk 0:20:15]} Bd7 {[%clk 0:11:11]} 42. Ke2
{[%clk 0:18:16]} f6 {[%clk 0:10:27]} 43. exf6+ {[%clk 0:17:35]} Bxf6
{[%clk 0:10:51]} 44. Qb7 {[%clk 0:17:14]} Qe7 {[%clk 0:08:01]} 45. Bg5
{[%clk 0:17:33]} Bxg5 {[%clk 0:06:05]} 46. hxg5 {[%clk 0:18:01]} Kf7
{[%clk 0:03:55]} 47. Kf2 {[%clk 0:18:11]} Kf8 {[%clk 0:02:43]} 48. Qc7
{[%clk 0:16:14]} Be8 {[%clk 0:01:41]} 49. Qxe7+ {[%clk 0:16:29]} Kxe7
{[%clk 0:02:06]} 50. Ke3 {[%clk 0:16:57]} Kf7 {[%clk 0:00:47]} 51. Kf4
{[%clk 0:17:21]} Kf8 {[%clk 0:01:14]} 52. Ke5 {[%clk 0:17:46]} Ke7
{[%clk 0:01:37]} 53. f4 {[%clk 0:18:08]} Bf7 {[%clk 0:00:36]} 54. Bxb5
{[%clk 0:18:33]} 1-0

[Event "EYCC 2024 - O16"]
[Site "?"]
[Date "2024.08.24"]
[Round "3.5"]
[White "Habans Aguerrea, Javier"]
[Black "Davudov, Tunar"]
[Result "1/2-1/2"]
[BlackElo "2238"]
[WhiteElo "2395"]
[LiveChessVersion "1.4.8"]

1. c4 {[%clk 1:30:55]} e5 {[%clk 1:30:43]} 2. g3 {[%clk 1:31:07]} Nc6
{[%clk 1:30:57]} 3. Nc3 {[%clk 1:30:43]} g6 {[%clk 1:30:30]} 4. Bg2
{[%clk 1:30:32]} Bg7 {[%clk 1:30:51]} 5. e3 {[%clk 1:25:58]} d6 {[%clk 1:29:58]}
6. Nge2 {[%clk 1:25:39]} Nf6 {[%clk 1:28:57]} 7. d4 {[%clk 1:24:25]} O-O
{[%clk 1:28:00]} 8. O-O {[%clk 1:23:19]} h5 {[%clk 1:27:45]} 9. h3
{[%clk 1:20:21]} e4 {[%clk 1:21:22]} 10. Nf4 {[%clk 1:15:15]} Bf5
{[%clk 1:17:21]} 11. Nfd5 {[%clk 1:10:32]} Re8 {[%clk 0:55:16]} 12. Kh2
{[%clk 1:04:11]} Qd7 {[%clk 0:50:06]} 13. Nxf6+ {[%clk 1:02:22]} Bxf6
{[%clk 0:50:28]} 14. a3 {[%clk 1:02:01]} Bg7 {[%clk 0:42:26]} 15. Bd2
{[%clk 0:57:24]} a6 {[%clk 0:40:31]} 16. Rc1 {[%clk 0:55:01]} b5 {[%clk 0:30:51]}
17. cxb5 {[%clk 0:53:47]} axb5 {[%clk 0:25:42]} 18. Nxb5 {[%clk 0:44:28]} d5
{[%clk 0:24:54]} 19. Qc2 {[%clk 0:34:12]} Ra6 {[%clk 0:21:53]} 20. Qd1
{[%clk 0:29:33]} Rb6 {[%clk 0:18:41]} 21. a4 {[%clk 0:29:32]} Rb7
{[%clk 0:17:41]} 22. Bc3 {[%clk 0:25:01]} Nd8 {[%clk 0:16:43]} 23. Na3
{[%clk 0:24:03]} c6 {[%clk 0:15:50]} 24. a5 {[%clk 0:23:56]} Bf8 {[%clk 0:14:23]}
25. a6 {[%clk 0:13:39]} Ra7 {[%clk 0:14:41]} 26. Qe2 {[%clk 0:13:57]} Bd6
{[%clk 0:12:55]} 27. Ba5 {[%clk 0:09:35]} Ne6 {[%clk 0:12:38]} 28. Bb6
{[%clk 0:08:57]} Raa8 {[%clk 0:12:28]} 29. a7 {[%clk 0:08:39]} Ng5
{[%clk 0:12:18]} 30. h4 {[%clk 0:07:26]} Bg4 {[%clk 0:12:18]} 31. Qc2
{[%clk 0:07:50]} Nf3+ {[%clk 0:09:08]} 32. Bxf3 {[%clk 0:08:19]} Bxf3
{[%clk 0:09:07]} 33. Qxc6 {[%clk 0:03:58]} Qe7 {[%clk 0:09:24]} 34. Kg1
{[%clk 0:03:56]} Qe6 {[%clk 0:09:31]} 35. Kh2 {[%clk 0:04:24]} Qf6
{[%clk 0:01:29]} 36. Kg1 {[%clk 0:04:52]} Qf5 {[%clk 0:01:51]} 37. Kh2
{[%clk 0:05:18]} Qf6 {[%clk 0:02:16]} 38. Kg1 {[%clk 0:05:47]} Qe6
{[%clk 0:02:41]} 39. Kh2 {[%clk 0:06:13]} Rec8 {[%clk 0:03:02]} 40. Bc7
{[%clk 0:02:57]} Bxc7 {[%clk 0:01:57]} 41. Qxe6 fxe6 {[%clk 0:02:26]} 42. Nb5
{[%clk 0:03:05]} Bb6 {[%clk 0:00:41]} 43. Rxc8+ {[%clk 0:03:19]} Rxc8
{[%clk 0:01:11]} 44. Ra1 {[%clk 0:03:47]} Bxa7 {[%clk 0:00:34]} 45. Nxa7
{[%clk 0:04:10]} Rc2 {[%clk 0:00:37]} 46. Kg1 {[%clk 0:02:15]} Rxb2
{[%clk 0:01:02]} 47. Nc6 {[%clk 0:02:43]} Kg7 {[%clk 0:01:13]} 48. Ne5
{[%clk 0:03:10]} Kf6 {[%clk 0:01:30]} 49. g4 {[%clk 0:02:18]} g5 {[%clk 0:00:58]}
50. hxg5+ {[%clk 0:02:11]} Kxg5 {[%clk 0:01:27]} 51. gxh5 {[%clk 0:02:26]} Kxh5
{[%clk 0:01:13]} 52. Ra8 {[%clk 0:02:22]} Kh4 {[%clk 0:00:38]} 53. Rh8+
{[%clk 0:02:47]} Kg5 {[%clk 0:01:01]} 54. Nxf3+ {[%clk 0:02:05]} exf3
{[%clk 0:01:30]} 55. Rf8 {[%clk 0:02:17]} Kg6 {[%clk 0:00:33]} 56. Rxf3
{[%clk 0:02:44]} Kg7 {[%clk 0:00:45]} 57. Kg2 {[%clk 0:03:00]} Rc2
{[%clk 0:00:52]} 58. Kg3 {[%clk 0:03:27]} Rb2 {[%clk 0:01:10]} 59. Kg4
{[%clk 0:03:34]} Rb1 {[%clk 0:01:06]} 60. Kf4 {[%clk 0:02:35]} Kf6
{[%clk 0:01:28]} 61. Rh3 {[%clk 0:03:04]} Rg1 {[%clk 0:01:12]} 62. Rh7
{[%clk 0:02:08]} Rg2 {[%clk 0:01:19]} 63. f3 {[%clk 0:02:36]} Rg1
{[%clk 0:01:31]} 64. Ra7 {[%clk 0:02:21]} Rg8 {[%clk 0:01:37]} 65. e4
{[%clk 0:02:22]} dxe4 {[%clk 0:02:01]} 66. fxe4 {[%clk 0:02:52]} e5+
{[%clk 0:02:16]} 67. dxe5+ {[%clk 0:03:15]} Ke6 {[%clk 0:02:43]} 68. Ra6+
{[%clk 0:03:44]} Ke7 {[%clk 0:03:03]} 69. e6 {[%clk 0:03:41]} Rh8
{[%clk 0:02:55]} 70. Ke5 {[%clk 0:03:51]} Rh5+ {[%clk 0:03:18]} 71. Kd4
{[%clk 0:04:20]} Rb5 {[%clk 0:03:21]} 72. Rc6 {[%clk 0:04:31]} Ra5
{[%clk 0:03:44]} 73. Rb6 {[%clk 0:05:00]} Rh5 {[%clk 0:04:06]} 74. Ke3
{[%clk 0:04:38]} Rg5 {[%clk 0:04:25]} 75. Kf4 {[%clk 0:04:59]} Ra5
{[%clk 0:04:50]} 76. Rc6 {[%clk 0:04:19]} Rb5 {[%clk 0:05:16]} 77. Ra6
{[%clk 0:04:31]} Rc5 {[%clk 0:05:41]} 78. Ke3 {[%clk 0:04:08]} Rb5
{[%clk 0:06:07]} 79. Kd3 {[%clk 0:04:31]} Rh5 {[%clk 0:06:35]} 80. Kc4
{[%clk 0:04:56]} Rg5 {[%clk 0:07:01]} 81. Kd4 {[%clk 0:05:16]} Rh5
{[%clk 0:07:25]} 82. Ra8 {[%clk 0:05:23]} Kxe6 {[%clk 0:07:38]} 83. Re8+
{[%clk 0:05:48]} Kd7 {[%clk 0:08:02]} 84. Re5 {[%clk 0:06:10]} Rxe5
{[%clk 0:08:07]} 85. Kxe5 {[%clk 0:06:35]} Ke7 {[%clk 0:08:35]} 86. Kf5
{[%clk 0:06:58]} Kf7 {[%clk 0:09:03]} 87. e5 {[%clk 0:07:24]} Ke7
{[%clk 0:09:30]} 88. e6 {[%clk 0:07:50]} Ke8 {[%clk 0:09:58]} 89. Ke5
{[%clk 0:08:14]} Ke7 {[%clk 0:10:25]} 90. Kd5 {[%clk 0:08:40]} Ke8
{[%clk 0:10:53]} 91. Kd6 {[%clk 0:09:05]} Kd8 {[%clk 0:11:20]} 92. e7+
{[%clk 0:09:31]} Ke8 {[%clk 0:11:48]} 93. Ke6 {[%clk 0:10:00]} 1/2-1/2

[Event "EYCC 2024 - O16"]
[Site "?"]
[Date "2024.08.24"]
[Round "3.6"]
[White "Agasarov, Benik"]
[Black "Berin, Artem"]
[Result "1-0"]
[BlackElo "2237"]
[WhiteElo "2387"]
[LiveChessVersion "1.4.8"]

1. d4 {[%clk 1:30:57]} Nf6 {[%clk 1:30:43]} 2. c4 {[%clk 1:31:21]} e6
{[%clk 1:31:07]} 3. Nf3 {[%clk 1:31:46]} d5 {[%clk 1:31:31]} 4. g3
{[%clk 1:32:12]} Bb4+ {[%clk 1:31:26]} 5. Bd2 {[%clk 1:30:18]} Be7
{[%clk 1:31:48]} 6. Bg2 {[%clk 1:29:59]} O-O {[%clk 1:32:04]} 7. O-O
{[%clk 1:29:44]} c6 {[%clk 1:32:22]} 8. Na3 {[%clk 1:23:31]} b6 {[%clk 1:23:12]}
9. Rc1 {[%clk 1:21:10]} Bb7 {[%clk 1:22:52]} 10. cxd5 {[%clk 1:19:01]} exd5
{[%clk 1:16:26]} 11. Ne5 {[%clk 1:07:10]} Nfd7 {[%clk 1:13:51]} 12. Nd3
{[%clk 1:05:54]} Na6 {[%clk 1:08:52]} 13. Nc2 {[%clk 1:04:32]} Bd6
{[%clk 1:06:34]} 14. Re1 {[%clk 0:51:24]} Re8 {[%clk 1:02:31]} 15. Ncb4
{[%clk 0:47:57]} Nxb4 {[%clk 0:49:26]} 16. Nxb4 {[%clk 0:48:19]} Bxb4
{[%clk 0:49:24]} 17. Bxb4 {[%clk 0:48:42]} Nf6 {[%clk 0:49:35]} 18. a4
{[%clk 0:43:52]} Qd7 {[%clk 0:45:09]} 19. e3 {[%clk 0:41:31]} a5 {[%clk 0:42:01]}
20. Ba3 {[%clk 0:41:18]} Rab8 {[%clk 0:40:17]} 21. Qc2 {[%clk 0:39:41]} Ne4
{[%clk 0:38:57]} 22. b4 {[%clk 0:37:54]} axb4 {[%clk 0:36:26]} 23. Bxb4
{[%clk 0:36:44]} c5 {[%clk 0:33:38]} 24. dxc5 {[%clk 0:36:28]} bxc5
{[%clk 0:33:56]} 25. Bd2 {[%clk 0:22:31]} Bc6 {[%clk 0:19:32]} 26. Ra1
{[%clk 0:18:09]} h5 {[%clk 0:19:01]} 27. Red1 {[%clk 0:13:13]} c4
{[%clk 0:12:51]} 28. Be1 {[%clk 0:06:52]} Nc5 {[%clk 0:09:50]} 29. Qe2
{[%clk 0:07:09]} Nd3 {[%clk 0:08:04]} 30. Bc3 {[%clk 0:04:35]} Qf5
{[%clk 0:03:35]} 31. Bd4 {[%clk 0:04:26]} h4 {[%clk 0:03:29]} 32. Qf3
{[%clk 0:04:18]} Qg6 {[%clk 0:02:09]} 33. a5 {[%clk 0:03:49]} Ba8
{[%clk 0:01:09]} 34. a6 {[%clk 0:03:45]} Rbc8 {[%clk 0:00:51]} 35. Bh3
{[%clk 0:03:04]} Rc6 {[%clk 0:00:42]} 36. Bd7 {[%clk 0:02:49]} Rec8
{[%clk 0:00:40]} 37. a7 {[%clk 0:02:47]} Nb4 {[%clk 0:00:41]} 38. Bxc8
{[%clk 0:02:53]} Rxc8 {[%clk 0:01:06]} 39. Rdb1 {[%clk 0:02:31]} Nc6
{[%clk 0:01:12]} 40. Qf4 {[%clk 0:02:56]} Nxd4 {[%clk 0:00:42]} 41. exd4
{[%clk 0:03:20]} hxg3 {[%clk 0:00:32]} 42. hxg3 {[%clk 0:03:46]} Qe6
{[%clk 0:00:36]} 43. Rb8 {[%clk 0:04:10]} Kh7 {[%clk 0:01:03]} 44. Qe5
{[%clk 0:03:42]} Qc6 {[%clk 0:00:43]} 45. Rxc8 {[%clk 0:04:02]} Qxc8
{[%clk 0:01:09]} 46. Rb1 {[%clk 0:04:26]} c3 {[%clk 0:01:09]} 47. Qh5+
{[%clk 0:04:53]} 1-0